Aquaculture Growth: (Record no. 2606)

MARC details
000 -LEADER
fixed length control field 00759nam a22002297a 4500
003 - CONTROL NUMBER IDENTIFIER
control field OSt
005 - DATE AND TIME OF LATEST TRANSACTION
control field 20260318082913.0
008 - FIXED-LENGTH DATA ELEMENTS--GENERAL INFORMATION
fixed length control field 260318b |||||||| |||| 00| 0 eng d
022 ## - INTERNATIONAL STANDARD SERIAL NUMBER
Source 798251037920
040 ## - CATALOGING SOURCE
Language of cataloging Eng
Transcribing agency KMU
Description conventions RDA
050 ## - LIBRARY OF CONGRESS CALL NUMBER
Classification number SH156
Item number .J47 2026
100 ## - MAIN ENTRY--PERSONAL NAME
Personal name Jere, Athertone (PH.D)
245 ## - TITLE STATEMENT
Title Aquaculture Growth:
Remainder of title Controlled by Feeds in Zambia/
Statement of responsibility, etc. Dr. Arthertone Jere.
260 ## - PUBLICATION, DISTRIBUTION, ETC.
Place of publication, distribution, etc. Lusaka:
Name of publisher, distributor, etc. Wealthwise Consulting,
Date of publication, distribution, etc. 2026.
300 ## - PHYSICAL DESCRIPTION
Extent 100 pages.:
Other physical details illustrations;
Dimensions 20cm
500 ## - GENERAL NOTE
General note This book explores the central role of fish feed in driving aquaculture growth in Zambia.
504 ## - BIBLIOGRAPHY, ETC. NOTE
Bibliography, etc. note Includes a list of references from page 90-98
650 ## - SUBJECT ADDED ENTRY--TOPICAL TERM
Topical term or geographic name entry element Fish Farming
650 ## - SUBJECT ADDED ENTRY--TOPICAL TERM
Topical term or geographic name entry element Fish Feed
650 ## - SUBJECT ADDED ENTRY--TOPICAL TERM
Topical term or geographic name entry element Fish Nutrition
942 ## - ADDED ENTRY ELEMENTS (KOHA)
Source of classification or shelving scheme Library of Congress Classification
Koha item type Non-Fiction
Suppress in OPAC No
Holdings
Withdrawn status Lost status Source of classification or shelving scheme Damaged status Not for loan Collection Home library Current library Shelving location Date acquired Source of acquisition Total Checkouts Full call number Barcode Date last seen Price effective from Koha item type
    Library of Congress Classification     Non-fiction Kapasa Makasa University Kapasa Makasa University Open Access 18.03.2026 Donation   SH156 .J47 Jer 301489 18.03.2026 18.03.2026 Non-Fiction
    Library of Congress Classification     Non-fiction Kapasa Makasa University Kapasa Makasa University Special Collection 18.03.2026 Donation   SH156 .J47 Jer 301488 24.03.2026 18.03.2026 Non-Fiction
    Library of Congress Classification     Non-fiction Kapasa Makasa University Kapasa Makasa University Open Access 18.03.2026 Donation   SH156 .J47 Jer 301487 18.03.2026 18.03.2026 Non-Fiction
    Library of Congress Classification     Non-fiction Kapasa Makasa University Kapasa Makasa University Open Access 18.03.2026 Donation   SH156 .J47 Jer 301486 18.03.2026 18.03.2026 Non-Fiction
    Library of Congress Classification     Non-fiction Kapasa Makasa University Kapasa Makasa University Special Collection 18.03.2026 Donation   SH156 .J47 Jer 301485 18.03.2026 18.03.2026 Non-Fiction
    Library of Congress Classification     Non-fiction Kapasa Makasa University Kapasa Makasa University Open Access 18.03.2026 Donation   SH156 .J47 Jer 301480 18.03.2026 18.03.2026 Non-Fiction
    Library of Congress Classification     Non-fiction Kapasa Makasa University Kapasa Makasa University Open Access 18.03.2026 Donation   SH156 .J47 Jer 301481 18.03.2026 18.03.2026 Non-Fiction
    Library of Congress Classification     Non-fiction Kapasa Makasa University Kapasa Makasa University Special Collection 18.03.2026 Donation   SH156 .J47 Jer 301482 24.03.2026 18.03.2026 Non-Fiction
    Library of Congress Classification     Non-fiction Kapasa Makasa University Kapasa Makasa University Special Collection 18.03.2026 Donation   SH156 .J47 Jer 301483 24.03.2026 18.03.2026 Non-Fiction
    Library of Congress Classification     Non-fiction Kapasa Makasa University Kapasa Makasa University Open Access 18.03.2026 Donation   SH156 .J47 Jer 301484 18.03.2026 18.03.2026 Non-Fiction